000 00857cad a22002055a 4500
001 L156774
008 120712s20120705xxk f 000 0 eng d
035 _a(Sirsi) u156774
041 0 _aeng
050 0 4 _a333.33 $2 18
110 2 _aLloyds Banking Group
_95822
245 0 0 _aHalifax house price index
_bJune 2012
_h[electronic resource]
260 _aLondon
_bLloyds Banking Group
_c2012
520 _aUK house prices increased by 1% in June 2012, a 0.5% decrease since June 2011. House prices continue to flucturate on a monthly basis with an even number of decreases and increases since June 2011.
590 _aKA
651 4 _aUnited Kingdom
_y
690 _aResidential property
_96266
856 4 0 _uhttps://www.lloydsbankinggroup.com/media/pdfs/halifax/2012/0507_HPI.pdf
_zView this item free of charge at www.lloydsbankinggroup.com
942 _n0
999 _c114409
_d114409